000 00255nam a2200097Ia 4500
001 1251388
005 20251031150914.0
008 251031s9999 xx 000 0 und d
245 0 _cLAURA OWEN
_aS-2 SPOR YAPIYOR
260 _bTÜRKİYE İŞ BANKASI YAYINLARI
999 _c1251388
_d1251388